01256nam a22002415i 4500001000700000003000900007005001700016008004100033080002100074100004700095245012900142260009600271300002100367490009400388530003900482594005500521700003500576830009600611852007300707856007700780999001900857952013800876157251ES-MaACL20250824071444.0040817s1844 sp |||| | spa d a821.133.1-23"18"1 aLaurencin, cMonsieur, d1808-1890914948713aLa gaceta de los tribunales b: comedia en un acto / cescrita en francés por Mr. Laurencin ; (traducida por J.G. Doncel). aMadrid : b[Librería de José Cuesta, c1844] (fImp. de la Viuda de Jordán é Hijos) a14 p. ; c26 cm.1 aMuseo dramático o Coleccion de comedias del teatro moderno español y estrangero [sic] aDisponible también en sitio web. aTítulo y autores tomados de principio del texto.1 aGarcía Doncel, Juan.914793500aMuseo dramático o Coleccion de comedias del teatro moderno español y estrangero9221760 aES-MaACLjF-7489(26) z. - Enc. hol. z. - Enc. en un vol. facticio uhttp://www.archive.org/details/lagacetadelostri00laur zIr a la página c157251d157251 001040708Colección_digitalaATENEOMbATENEOMcDEPO2d2008-01-17l0oF-7489(26)p1164553r2023-02-23 00:00:00w2023-02-23yMONANT